Feed manufacturing technology.

Bibliographic Details
Corporate Authors: American Feed Manufacturers' Association. Feed Production Council, Feed Production School
Format: Book
Language:English
Subjects:

MARC

Tag First Indicator Second Indicator Subfields
LEADER 00000cam a2200000 4500
001 in00000095155
005 20150927110646.0
008 701014s1970 iluab b 00100 eng
010 |a  75129157  
035 |a (OCoLC)00096747 
035 |9 AAL7035AM 
040 |a DLC  |c DLC  |d TXA  |d UtOrBLW 
049 |a TXAM  |c [533642] 
050 0 0 |a TS2158  |b .F36 
082 0 |a 664/.76 
245 0 0 |a Feed manufacturing technology. 
264 0 |a [Chicago] :  |b Feed Production Council, American Feed Manufacturers Association,  |c 1970. 
300 |a vii, 604 pages :  |b illustrations, maps. ;  |c 29 cm. 
336 |a text  |b txt  |2 rdacontent 
337 |a unmediated  |b n  |2 rdamedia 
338 |a volume  |b nc  |2 rdacarrier 
500 |a "An outgrowth and expansion of the Feed production handbook first published in 1961 by Feed Production School." 
504 |a Includes bibliographies. 
650 0 |a Feed mills  |x Handbooks, manuals, etc. 
710 2 |a American Feed Manufacturers' Association.  |b Feed Production Council. 
710 2 |a Feed Production School.  |t Feed production handbook. 
999 |a MARS 
999 f f |s d8ec44c5-7190-3122-ae2d-ef964403b7b9  |i bf46aaf4-afb5-3f27-be60-d5beaee7f0b5  |t 0 
952 f f |p normal  |a Texas A&M University  |b College Station  |c Sterling C. Evans Library  |d Evans: Library Stacks  |t 0  |e TS2158 .F36  |h Library of Congress classification  |i unmediated -- volume  |m A14805654885 
998 f f |a TS2158 .F36  |t 0  |l Evans: Library Stacks